Normal view
MARC view
- May, W. Graham
Entry Personal Name
001 - CONTROL NUMBER
- control field: 102208
003 - CONTROL NUMBER IDENTIFIER
- control field: NUST
005 - DATE AND TIME OF LATEST TRANSACTION
- control field: 20221101135138.0
008 - FIXED-LENGTH DATA ELEMENTS
- fixed length control field: 221101|| aca||aabn | a|a d
040 ## - CATALOGING SOURCE
- Original cataloging agency: NUST
- Transcribing agency: NUST
100 ## - HEADING--PERSONAL NAME
- Personal name: May, W. Graham
670 ## - SOURCE DATA FOUND
- Source citation: Work cat.: (NUST)180061: May, W. Graham, Foundations in modern mathematics /, 1967
